| 000 | 00434nam a2200181Ia 4500 | ||
|---|---|---|---|
| 001 | 19488 | ||
| 005 | 20260306172657.0 | ||
| 008 | 260306t2011||||xx |||||||||||||| ||spa|| | ||
| 041 | _aESP | ||
| 082 |
_a340.04 _bD75 T. 1 |
||
| 100 |
_aDiez-Picazo, Luis _eAUT |
||
| 245 | 0 |
_aEnsayos jurídicos: _b(1953-2011) |
|
| 260 | _c2011 | ||
| 300 |
_a1614 páginas : _c24 cm. |
||
| 650 | _aGEN | ||
| 654 | _aCDE | ||
| 942 |
_cLIB _dJUS _fJUS _2ddc _n |
||
| 999 |
_c19488 _d19488 |
||